Direitos humanos e teoria jurd̕ica do desenvolvimento sustentv̀el reflexe̳s sobre empresa e estado /

Detalles Bibliográficos
Autor principal: Machado, Edinilson Donisete
Otros Autores: Benacchio, Marcelo, Carmona dos Santos, Queila Rocha
Formato: eBook
Lenguaje:portugués
Publicado: San Pablo: Letras Jurídicas Editora, 2015
Materias:
Acceso en línea:Acceso restringido

MARC

LEADER 00000nam a22000007a 4500
005 20200720231735.0
007 cr|||| ||||
008 200720s2015 br |||||s|||| 00||0 por d
020 |a 9788582480670 
035 |a 31826 
040 |a vLex 
090 |c 10655  |d 10655 
100 1 |a Machado, Edinilson Donisete 
245 1 0 |a Direitos humanos e teoria jurd̕ica do desenvolvimento sustentv̀el  |h [Recurso electrn̤ico] :  |b reflexe̳s sobre empresa e estado /  |c Edinilson Donisete Machado, Marcelo Benacchio, Queila Rocha Carmona dos Santos 
256 |a Servicio en ln̕ea 
260 |a San Pablo:  |b Letras Jurídicas Editora,  |c 2015 
300 |a 1 recurso electrn̤ico 
506 1 |a Disponible solo en los productos indicados  |d vLex Global  |d vLex Global (Academic Edition, excluding Law Schools)  |d vLex Global (U.S. Academic Edition, Law Schools)  |d vLex Global (U.S. Academic Edition, excluding Law Schools)  |d vLex Global (Academic Edition, Law Schools) 
650 0 4 |a Derecho Constitucional  |z Brasil 
700 1 |a Benacchio, Marcelo 
700 1 |a Carmona dos Santos, Queila Rocha 
740 0 |a vLex Libros (Servicio en ln̕ea) 
856 4 0 |u http://vlex.com/source/direitos-humanos-e-teoria-juridica-do-desenvolvimento-sustentavel-reflex-es-sobre-empresa-e-estado-31826  |z Acceso restringido 
942 |c BOOK 
999 0 |a Constitutional right